01479nam a2200385 a 450000100060000000300080000600500170001400600190003100700150005000800410006502000180010603500230012403500240014703500250017103500210019604000260021705000210024308000120026408200120027610000310028824501490031926001120046830000110058044000350059153301640062665000320079065000280082265000520085065000520090265000140095465500270096871000190099585600620101499900170107648193FlNmELB20241216231928.0m o d | cr cn|||||||||201002r2007 mx |||||s|||||||||||spa d z9789684966154 a(MiAaPQ)EBC3186372 a(Au-PeEL)EBL3186372 a(CaPaEBR)ebr10357282 a(OCoLC)928932712 aFlNmELBbspacFlNmELB 4aF1210bP944 2007 a008(72)04a9722221 aPérez Montfort, Ricardo.10aExpresiones populares y estereotipos culturales en México. Siglos XIX y XXh[recurso electronico] :bdiez ensayos /cRicardo Pérez Montfort. aMéxico, D.F. :bCIESAS - Centro de Investigaciones y Estudios Superiores en Antropología Social,c2007. a321 p. 0aPublicaciones de la Casa Chata aRecurso electrónico. Santa Fe, Arg.: e-libro, 2015. Disponible vía World Wide Web. El acceso puede estar limitado para las bibliotecas afiliadas a e-libro. 4aCulturas populareszMexico. 4aFolklorexFestividades. 4aPopular culturezMexicoxHistoryy19th century. 4aPopular culturezMexicoxHistoryy20th century. 4aFolklore. 4aLibros electrónicos.2 ae-libro, Corp.40uhttps://elibro.net/ereader/politecnicointernacional/72479 c48193d48193